Disney Channel Characters - Statistics

General Stats
  • This quiz has been taken 325 times
  • The average score is 23 of 36
Answer Stats
Hint Answer % Correct
2 'That's So _____' Main Female Character Raven
93%
1 'Wizards of Waverly Place' Main Female Character Alex
90%
Second Youngest Child from #4 Charlie
88%
Second Oldest Child from #4 Teddy
82%
3 Oldest Child From 'Jessie' Emma
81%
#1's Younger Brother Max
81%
Second Youngest Child from #3 Ravi
81%
Youngest Child from #3 Zuri
81%
Middle Child from #4 Gabe
79%
#1's Older Brother Justin
78%
Second Child Kid from #3 Luke
78%
#8's Younger Twin Brother Cody
77%
7 'Hannah Montana' Main Character Miley
77%
Dad from #4 Bob
74%
Oldest Child from #4 PJ
74%
8 'The Suit Life...' Older Twin Brother Zack
74%
4 Mum from 'Good Luck Charlie' Amy
69%
6 'Shake it Up' Main Female with Red Hair Cece
69%
Youngest Child from #4 Toby
68%
Middle Child in #11 Joe
67%
Youngest Brother in #11 Nick
66%
9 'A.N.T Farm' Main Character Chyna
65%
#6's Best Friend, Also a Main Character Rocky
65%
11 Oldest Brother in 'Jonas' Kevin
61%
#9's Female Best Friend Olive
60%
#7's Female Best Friend Lilly
59%
#2's Female Best Friend Chelsea
57%
5 Dog from 'Dog with a Blog' Stan
56%
#7's Male Best Friend Oliver
50%
#9's Male Best Friend Fletcher
43%
Middle Child from #5 Avery
41%
Youngest Child from #5 Chloe
39%
#2's Male Best Friend Eddie
33%
Oldest Child from #5 Tyler
30%
#10's Sister Renee
13%
10 'Even Stevens' Main Character Louis
11%
No matching quizzes found
Score Distribution
Percent of People with Each Score
Percentile by Number Answered
Your Score History
You have not taken this quiz